| 000 | 00504nam a2200181 a 4500 | ||
|---|---|---|---|
| 001 | 000042700 | ||
| 005 | 20201002040332.0 | ||
| 008 | 140205s1974 sp 000 0 spa d | ||
| 020 | _a8430060073 | ||
| 040 |
_aDO-SdBNP _bspa _cBNPHU |
||
| 082 |
_axxx _bH565b |
||
| 100 | 1 |
_aHerrero, Pedro Mario, _d1929-2005. _970011 |
|
| 245 | 1 | 0 |
_aBalada de los tres inocentes / _cPedro Mario Herrero. |
| 260 |
_aMadrid : _bMK, _c1974. |
||
| 300 |
_a82 P. ; _c18 cm. |
||
| 490 | 1 |
_aEscena _v2 |
|
| 830 | 0 |
_aEscena _n2 _970012 |
|
| 999 |
_c42189 _d42189 |
||